| 000 | 00674nam a2200217Ia 4500 | ||
|---|---|---|---|
| 003 | GCL | ||
| 008 | 140319s9999 xx 000 0 ara d | ||
| 040 |
_aGCL / _cGCL |
||
| 082 | 0 | 4 |
_a150.01 _bم د |
| 100 | 1 | _aمحمد عثمان نجاتى | |
| 245 | 1 | 0 |
_aالدراسات النفسية عند العلماء المسلمين / _cمحمد عثمان نجاتى |
| 260 |
_a[S.N] : _bدار الشروق ، _c1993 |
||
| 300 | _a318 ث | ||
| 490 | _a | ||
| 650 | 0 | 4 | _aتاريخ |
| 650 | 0 | 4 | _aالتحليل النفسى |
| 650 | 0 | 4 | _aالاجتماع |
| 650 | 0 | 4 | _aالبيئة والانسان |
| 650 | 0 | 4 | _aعلم النفس الاجتماعى |
| 942 |
_2ddc _cBK |
||
| 999 |
_c58571 _d58571 |
||